01887nam a2200445 i 450000100060000000300080000600500170001400600190003100700150005000800410006502000270010602000180013303500230015103500240017403500250019803500210022304000310024405000250027508200210030024501770032124600410049825000230053926401810056230000580074333600310080133700330083233800430086550400660090858801240097465000310109865000370112965000350116665000410120165500270124270000290126970000330129870000270133170000210135885600620137925409FlNmELB20241216215823.0m o d | cr cnu||||||||150608s2008 mx a ob 000 0 spa d a9781512900378 (e-book) z9789708190817 a(MiAaPQ)EBC3229573 a(Au-PeEL)EBL3229573 a(CaPaEBR)ebr11046720 a(OCoLC)992054629 aFINmELBbspaerdacFINmELB 4aHF5459.M58bR47 20080 a322.4408838122303aLa república informal :bel ambulantaje en la Ciudad de México /cEdgar Esquivel, coordinador ; [investigadores] Marco González, Javier Torres Medina, Omar Jiménez.30aAmbulantaje en la Ciudad de México aPrimera edición. 1aMéxico, D.F. :bTecnológico de Monterrey, Campus Estado de México :bCámara de Comercio, Servicios y Turismo de la Ciudad de México :bMiguel Ángel Porrúa,c2008. a1 recurso en línea (284 páginas) :bilustraciones atextobtxt2rdacontent/spa acomputadorabc2rdamedia/spa arecurso en líneabcr2rdacarrier/spa aIncluye referencias bibliográficas (páginas: [235]-249). aDescripción basada en recurso en línea; Título de la página del título en PDF (e-libro, visto June 08, 2015). 4aVenta ambulantezMéxico. 4aVendedores ambulanteszMéxico. 0aPeddlingzMexicozMexico City. 0aStreet vendorszMexicozMexico City. 4aLibros electrónicos.1 aEsquivel Solís, Edgar.1 aGonzález Pérez, Marco A.1 aTorres Medina, Javier.1 aJiménez, Omar.40uhttps://elibro.net/ereader/politecnicointernacional/76076